[Event "GER CM05-D email"]
[Site "GER email"]
[Date "2018.06.19"]
[Round "?"]
[White "Halliwell, Toni"]
[Black "Bolz, Joachim"]
[Result "1/2-1/2"]
[WhiteElo "2376"]
[BlackElo "2345"]
[PlyCount "82"]
[EventDate "2018.??.??"]
[EventType "tourn (corr)"]
[EventRounds "10"]
[EventCountry "GER"]
[SourceTitle "Corr 2020"]
[Source "ChessBase"]
[SourceDate "2019.09.30"]
[SourceVersion "1"]
[SourceVersionDate "2019.09.30"]
[SourceQuality "1"]

1. d4 Nf6 2. c4 e6 3. Nf3 b6 4. g3 Ba6 5. b3 Bb4+ 6. Bd2 Be7 7. Bg2 d5 8. cxd5 exd5 9. 0-0 0-0 10. Nc3 Bb7 11. Qc2 Na6 12. Rfd1 Re8 13. Bf4 c6 14. Ne5 Nc7 15. e4 Ne6 16. Be3 Rc8 17. exd5 cxd5 18. Qd3 Ba3 19. Bc1 Bd6 20. Bb2 a6 21. Rac1 b5 22. a3 h5 23. Re1 h4 24. b4 Rc7 25. Re3 Ng5 26. Ne2 Rxc1+ 27. Nxc1 Nfe4 28. Nb3 Qf6 29. Qe2 Qf5 30. gxh4 Ne6 31. Qf3 Nf4 32. Nd3 Re6 33. Nxf4 Bxf4 34. Bc1 Rf6 35. Rd3 Qh7 36. Bxf4 Qxh4 37. Qe2 Rxf4 38. Rh3 Qxf2+ 39. Qxf2 Nxf2 40. Rc3 Nd1 41. Rc7 Rg4 1/2-1/2